Library Banner

Wisdom of the East (Record no. 26932)

MARC details
000 -LEADER
fixed length control field 00486nam a2200181Ia 4500
001 - CONTROL NUMBER
control field 26774
008 - FIXED-LENGTH DATA ELEMENTS--GENERAL INFORMATION
fixed length control field 140414s9999 xx 000 0 und d
020 ## - INTERNATIONAL STANDARD BOOK NUMBER
International Standard Book Number 0-7373-0584-3
040 ## - CATALOGING SOURCE
Transcribing agency PK-LaUMT
082 ## - DEWEY DECIMAL CLASSIFICATION NUMBER
Classification number 291.44
Item number SUN-W
100 ## - MAIN ENTRY--PERSONAL NAME
Personal name Susan Suntree
245 ## - TITLE STATEMENT
Title Wisdom of the East
Remainder of title stories of compassion, inspiration, and love
Statement of responsibility, etc Susan Suntree
260 ## - PUBLICATION, DISTRIBUTION, ETC. (IMPRINT)
Place of publication, distribution, etc Chicago,USA:
Name of publisher, distributor, etc Contemporary Books,
Date of publication, distribution, etc 2002
300 ## - PHYSICAL DESCRIPTION
Extent 332 p.
546 ## - LANGUAGE NOTE
Language note EN
650 ## - SUBJECT ADDED ENTRY--TOPICAL TERM
Topical term or geographic name as entry element Spiritual life
942 ## - ADDED ENTRY ELEMENTS (KOHA)
Koha item type Books
Holdings
Withdrawn status Lost status Damaged status Not for loan Home library Current library Date acquired Total Checkouts Full call number Barcode Date last seen Price effective from Koha item type
        UMT Main Campus UMT Main Campus 2014-04-14   291.44 SUN-W 30156 2014-04-25 2014-04-25 Books